000 00638nam a2200181 a 4500
001 BRCA_679
005 20190320203113.0
008 190508s2007----us-a---###---#000-0#eng-#
020 _a9780940744721
050 4 _aN1165.C7
_b.C65 2007
245 1 0 _aCollecting with Vision
_bTreasures from The Chrysler Museum of Art.
260 _aLondres
_bChrysler Museum of Art
_c2007
300 _a160 p.
_bil. a color
_c25 cm.
500 _aIncluye índice de obras y artistas
610 2 4 _aMuseo de Arte Chrysler
_xColecciones de arte
_zLondres (Inglaterra)
_92235
650 1 4 _aMuseos de artes decorativas
_vCatálogos
_zInglaterra
_92236
942 _2lcc
_cB
999 _c585
_d585